000 00678nam a2200205Ia 4500
003 GCL
008 140319s9999 xx 000 0 ara d
020 _a4605723977
040 _aGCL /
_cGCL
082 0 4 _a131.1
_bن ع
100 1 _aنبيه ابراهيم اسماعيل
245 1 0 _aعوامل الصحة النفسية السليمة /
_cنبيه ابراهيم اسماعيل
250 _aالاولى
260 _aالقاهرة :
_bايتراك للنشر والتوزيع ،
_c2001
300 _a255 ص ؛
_c24 سم
650 0 4 _aالصحة النفسية
650 0 4 _aالعلاج النفسى
650 0 4 _aعلم النفس الشعبى
942 _2ddc
_cBK
999 _c5176
_d5176